Normal view MARC view

Entry Personal Name

Number of records used in: 1

001 - CONTROL NUMBER

  • control field: 198696

003 - CONTROL NUMBER IDENTIFIER

  • control field: OSt

005 - DATE AND TIME OF LATEST TRANSACTION

  • control field: 20250210122552.0

008 - FIXED-LENGTH DATA ELEMENTS

  • fixed length control field: 250210|| aca||aabn | a|a d

040 ## - CATALOGING SOURCE

  • Original cataloging agency: OSt
  • Transcribing agency: OSt

100 ## - HEADING--PERSONAL NAME

  • Personal name: Aditya Agarwal

670 ## - SOURCE DATA FOUND

  • Source citation: Work cat.: (OSt): Aditya Agarwal, Handbook of nutraceuticals, 2024